000 00575nam a22002057a 4500
005 20220718092919.0
008 220716b ||||| |||| 00| 0 eng d
040 _cAL
041 _aEnglish
082 _223
_a951.5
_bJAII
100 _aGirilal Jain and others
_950446
245 _aIndia Tibet and China:an Agonising Reappraisal
260 _aNew Delhi
_bIndia tibet Friendship society
_c1996
300 _a66 p.
_bPB
_c21x14 cm.
650 _aTibet
_950447
650 _aTibet
_950447
650 _aChina
_950448
700 _aJAIN (Girilal)
_950449
942 _2ddc
_cGF
999 _c223888
_d223888